[Event "Dulles Skyline op-A"]
[Site "Dulles"]
[Date "2022.10.09"]
[Round "3"]
[White "Jegan, Alan"]
[Black "Mariappan, Anish"]
[Result "1-0"]
[WhiteElo "1946"]
[BlackElo "1752"]
[PlyCount "169"]
[EventDate "2022.10.08"]
[EventType "swiss"]
[EventRounds "6"]
[EventCountry "USA"]
[SourceTitle "CBM 210 Extra"]
[Source "ChessBase"]
[SourceDate "2022.11.30"]
[SourceVersion "1"]
[SourceVersionDate "2022.11.30"]
[SourceQuality "1"]

1. e4 e5 2. Nf3 Nc6 3. Bc4 Bc5 4. 0-0 Nf6 5. d3 d6 6. c3 Bb6 7. Nbd2 0-0 8. Re1 a6 9. Bb3 Ne7 10. Nc4 Ba7 11. Bg5 Ng6 12. Nh4 Nf4 13. Ne3 Ne6 14. Bxe6 Bxe6 15. Nhf5 Bxe3 16. Nxe3 h6 17. Bh4 g5 18. Bg3 Kg7 19. Qf3 Qd7 20. Nc2 Nh7 21. d4 f6 22. Qe2 Bf7 23. Qd2 Rad8 24. b3 Bg6 25. c4 c6 26. Rad1 Qe7 27. Qc3 Rfe8 28. Qa1 Qc7 29. f3 Kg8 30. Qc3 Nf8 31. Ne3 Ne6 32. dxe5 dxe5 33. c5 Qe7 34. b4 Nd4 35. Kf2 Bf7 36. a4 Be6 37. Nc4 Bxc4 38. Qxc4+ Qf7 39. Qxf7+ Kxf7 40. Rc1 Ke6 41. Rc3 Ke7 42. h4 Ne6 43. hxg5 hxg5 44. Re2 Nd4 45. Rd2 Ne6 46. Rcd3 Rxd3 47. Rxd3 Nd4 48. f4 gxf4 49. Bxf4 Rd8 50. Bd2 Ne6 51. Rxd8 Nxd8 52. Ke2 Ne6 53. Be3 Nf8 54. Kd3 Ke6 55. Kc4 Ng6 56. g4 Ne7 57. b5 axb5+ 58. axb5 Kd7 59. Kb4 Kc7 60. Ka5 cxb5 61. Kxb5 Ng8 62. g5 fxg5 63. Bxg5 Kd7 64. Kb6 Kc8 65. c6 bxc6 66. Kxc6 Kb8 67. Kd7 Kb7 68. Ke6 Kc6 69. Be3 Kb5 70. Kxe5 Ne7 71. Ke6 Nc6 72. Kd6 Nd8 73. Kd5 Nc6 74. Bc5 Nd8 75. e5 Ka6 76. Be7 Nf7 77. e6 Nh6 78. Bg5 Nf5 79. Ke5 Ng7 80. e7 Kb7 81. Kf6 Ne8+ 82. Kf7 Nd6+ 83. Ke6 Kc6 84. Bf4 Ne8 85. Be5 1-0